[Event "Swiss Queens Wed #8"]
[Site "FIDE Online Arena INT"]
[Date "2024.03.20"]
[Round "3"]
[White "Batsiashvili, Nino"]
[Black "Nguyen, Hong Nhung"]
[Result "0-1"]
[WhiteElo "2450"]
[BlackElo "2063"]
[PlyCount "130"]
[EventDate "2024.03.20"]
[EventType "swiss (blitz)"]
[EventRounds "11"]
[EventCountry "NET"]
[SourceTitle "CB13_2024"]
[SourceDate "2024.03.27"]
[SourceVersion "1"]
[SourceVersionDate "2024.03.27"]
[SourceQuality "1"]

1. d4 f5 2. Bf4 Nf6 3. e3 e6 4. h3 b6 5. Be2 Bb7 6. Bf3 Nc6 7. Ne2 Bd6 8. Bxd6 cxd6 9. c4 Rc8 10. Nec3 0-0 11. Nd2 e5 12. Nb3 Ba6 13. Be2 Qe8 14. Qd2 Qg6 15. g4 fxg4 16. hxg4 Ne4 17. Nxe4 Qxe4 18. f3 Rxf3 19. Bxf3 Qxf3 20. Rf1 Qxg4 21. Qf2 Bxc4 22. Rc1 Bxf1 23. Qxf1 Rf8 24. Qc4+ Kh8 25. Nd2 exd4 26. Qe2 Qg1+ 27. Nf1 dxe3 28. Rc4 Ne5 29. Re4 Nf3+ 30. Qxf3 Rc8 31. Qxe3 Qg6 32. Kd2 h5 33. Ng3 d5 34. Rh4 Qc2+ 35. Ke1 Qb1+ 36. Kf2 Rc2+ 37. Ne2 Rc6 38. Rxh5+ Rh6 39. Rxh6+ gxh6 40. Qxh6+ Kg8 41. Qg6+ Qxg6 42. Nf4 Qf7 43. Ke3 d4+ 44. Ke4 Qxa2 45. Kxd4 Qxb2+ 46. Ke4 Qb5 47. Nd5 Kf7 48. Ke5 Qxd5+ 49. Kxd5 Ke7 50. Kc4 Kd6 51. Kb5 Kd5 52. Ka6 Kc5 53. Kxa7 b5 54. Kb7 b4 55. Kc7 b3 56. Kxd7 b2 57. Ke6 b1Q 58. Kf6 Qd3 59. Ke6 Qd5+ 60. Kf6 Kd6 61. Kg7 Qe5+ 62. Kf7 Qe7+ 63. Kg8 Ke6 64. Kh8 Kf6 65. Kg8 Qg7# 0-1

[Event "Swiss Queens Wed #5"]
[Site "FIDE Online Arena INT"]
[Date "2024.02.28"]
[Round "3"]
[White "Nguyen, Hong Nhung"]
[Black "Nikitina, Elena"]
[Result "1-0"]
[WhiteElo "2063"]
[BlackElo "1996"]
[PlyCount "31"]
[EventDate "2024.02.28"]
[EventType "swiss (blitz)"]
[EventRounds "11"]
[EventCountry "NET"]
[SourceTitle "CB10_2024"]
[SourceDate "2024.03.06"]
[SourceVersion "1"]
[SourceVersionDate "2024.03.06"]
[SourceQuality "1"]

1. e4 d5 2. exd5 Qxd5 3. Nc3 Qa5 4. d4 Nf6 5. Nf3 Bg4 6. Bd2 Nc6 7. d5 Nxd5 8. Nb5 Qb6 9. c4 Nf6 10. c5 Qxc5 11. Nxc7+ Kd8 12. Bb4+ Kxc7 13. Bxc5 Rd8 14. Qb3 b6 15. Bb4 Be6 16. Bc4 1-0

[Event "Swiss Queens Wed #1"]
[Site "FIDE Online Arena INT"]
[Date "2024.01.31"]
[Round "5"]
[White "Kanyamarala, Trisha"]
[Black "Nguyen, Hong Nhung"]
[Result "0-1"]
[WhiteElo "2201"]
[BlackElo "2063"]
[PlyCount "92"]
[EventDate "2024.01.31"]
[EventType "swiss (blitz)"]
[EventRounds "11"]
[EventCountry "NET"]
[SourceTitle "CB06_2024"]
[SourceDate "2024.02.07"]
[SourceVersion "1"]
[SourceVersionDate "2024.02.07"]
[SourceQuality "1"]

1. c4 f5 2. Nc3 Nf6 3. g3 g6 4. Bg2 Bg7 5. Nf3 0-0 6. 0-0 d6 7. d4 Qe8 8. b3 e5 9. dxe5 dxe5 10. Ba3 Rf7 11. Rc1 c6 12. Bd6 Nh5 13. c5 e4 14. Nd4 Nd7 15. Kh1 Be5 16. f3 exf3 17. exf3 Bxd6 18. cxd6 Qe5 19. Re1 Qxd6 20. Re6 Qf8 21. Qe2 Ndf6 22. Re5 Bd7 23. Re1 Qh6 24. Qc4 Nxg3+ 25. Kg1 Ngh5 26. Re7 Raf8 27. Rxf7 Rxf7 28. Re7 Qf8 29. Re1 Kg7 30. Ne6+ Bxe6 31. Qxe6 Nf4 32. Qe5 Nd3 33. Qd4 Nxe1 34. Kf2 Nxg2 35. Kxg2 Qe8 36. Qxa7 Qe5 37. Nd1 Rd7 38. Nf2 Qe2 39. Qb8 Rd2 40. Qc7+ Nd7 41. Qg3 f4 42. Qh4 Nf6 43. Kg1 Qe1+ 44. Kg2 Nd5 45. Qg4 Ne3+ 46. Kh3 Nxg4 0-1

[Event "Swiss Queens Wed #1"]
[Site "FIDE Online Arena INT"]
[Date "2024.01.31"]
[Round "4"]
[White "Nguyen, Hong Nhung"]
[Black "Goltseva, Ekaterina"]
[Result "1-0"]
[WhiteElo "2063"]
[BlackElo "2329"]
[PlyCount "57"]
[EventDate "2024.01.31"]
[EventType "swiss (blitz)"]
[EventRounds "11"]
[EventCountry "NET"]
[SourceTitle "CB06_2024"]
[SourceDate "2024.02.07"]
[SourceVersion "1"]
[SourceVersionDate "2024.02.07"]
[SourceQuality "1"]

1. e4 c5 2. Nc3 Nc6 3. Bb5 Nd4 4. Bc4 e6 5. Nge2 Qc7 6. d3 a6 7. a4 Ne7 8. 0-0 Nec6 9. f4 Be7 10. Nxd4 cxd4 11. Ne2 0-0 12. Ng3 Rb8 13. f5 f6 14. fxe6 dxe6 15. Qg4 Ne5 16. Bxe6+ Kh8 17. Qh3 Qxc2 18. Bf4 Qxd3 19. Bxe5 fxe5 20. Rxf8+ Bxf8 21. Bxc8 Qe3+ 22. Kh1 d3 23. Bf5 h6 24. Qg4 g5 25. Qh5 Qb6 26. Rd1 Rd8 27. Qf7 Bg7 28. Nh5 Rg8 29. Be6 1-0

[Event "Swiss Queens Wed #1"]
[Site "FIDE Online Arena INT"]
[Date "2024.01.31"]
[Round "6"]
[White "Nguyen, Hong Nhung"]
[Black "Poliakova, Varvara"]
[Result "1-0"]
[WhiteElo "2063"]
[BlackElo "2006"]
[PlyCount "149"]
[EventDate "2024.01.31"]
[EventType "swiss (blitz)"]
[EventRounds "11"]
[EventCountry "NET"]
[SourceTitle "CB06_2024"]
[SourceDate "2024.02.07"]
[SourceVersion "1"]
[SourceVersionDate "2024.02.07"]
[SourceQuality "1"]

1. e4 d5 2. exd5 Qxd5 3. Nc3 Qd6 4. d4 c6 5. Nf3 Nf6 6. Ne5 Nbd7 7. Nc4 Qc7 8. a4 Nb6 9. Ne5 Nbd5 10. g3 Bf5 11. Bg2 e6 12. 0-0 Bd6 13. Nxd5 cxd5 14. c3 0-0 15. Re1 Nd7 16. Nxd7 Qxd7 17. a5 a6 18. Qh5 Bg6 19. Qg4 Bf5 20. Qh5 Rac8 21. Bd2 Qb5 22. Bc1 Bg6 23. Qg4 Rc7 24. h4 h5 25. Qe2 Qxe2 26. Rxe2 Rb8 27. Bf3 b6 28. axb6 Rxb6 29. Re1 Be7 30. Be2 Ra7 31. b4 a5 32. Rxa5 Rc7 33. Bb2 Bd6 34. Rea1 Kf8 35. b5 Ke7 36. Ra6 Rbb7 37. Ra8 f6 38. Rg8 Kf7 39. Rh8 e5 40. dxe5 Bxe5 41. Rd8 Bxc3 42. Bxc3 Rxc3 43. Rxd5 Rc2 44. Bf1 Be4 45. Rd4 Bf3 46. Bc4+ Kf8 47. Re1 g5 48. hxg5 fxg5 49. Rd8+ Kg7 50. Bd3 Rcc7 51. Rd6 Re7 52. Rc1 Rbc7 53. Rg6+ Kf7 54. Rb1 Be4 55. Bxe4 Rxe4 56. Rxg5 h4 57. gxh4 Rxh4 58. b6 Rb7 59. Kg2 Rc4 60. Rgb5 Rc6 61. Kf3 Ke7 62. Ke4 Re6+ 63. Kf5 Rh6 64. f4 Kd7 65. Ke4 Kc6 66. f5 Rh4+ 67. Ke5 Rh2 68. R5b2 Rh8 69. Rc2+ Kd7 70. Rd1+ Ke7 71. f6+ Kf7 72. Rc7+ Rxc7 73. bxc7 Kg6 74. Rd8 Rh5+ 75. Ke6 1-0

[Event "Titled Tuesday intern op 16th Jan Early"]
[Site "Chess.com INT"]
[Date "2024.01.16"]
[Round "1"]
[White "Feliz Dotel, Dewar Bienvenido"]
[Black "Nguyen, Hong Nhung"]
[Result "0-1"]
[WhiteElo "2048"]
[BlackElo "2063"]
[PlyCount "52"]
[EventDate "2024.01.16"]
[EventType "swiss (blitz)"]
[EventRounds "11"]
[EventCountry "USA"]
[SourceTitle "CB04_2024"]
[SourceDate "2023.10.16"]
[SourceVersion "1"]
[SourceVersionDate "2023.10.16"]
[SourceQuality "1"]

1. c4 f5 2. g3 Nf6 3. Bg2 g6 4. b3 Bg7 5. Bb2 0-0 6. d3 d6 7. Nf3 e5 8. Nbd2 Nc6 9. 0-0 h6 10. Nh4 Qe8 11. e3 g5 12. Nhf3 Be6 13. a3 f4 14. exf4 gxf4 15. b4 Qh5 16. b5 Nd8 17. Nh4 Bg4 18. Bf3 Bxf3 19. Qxf3 Qf7 20. Ne4 Nxe4 21. Qxe4 Rb8 22. d4 Qxc4 23. Rfc1 Qf7 24. dxe5 fxg3 25. fxg3 Qf2+ 26. Kh1 Qxb2 0-1

[Event "Wch U18 Girls"]
[Site "Montesilvano"]
[Date "2023.11.23"]
[Round "10"]
[White "Nguyen, Hong Nhung"]
[Black "Liu, Kelsey"]
[Result "1-0"]
[WhiteElo "1975"]
[BlackElo "2051"]
[PlyCount "111"]
[EventDate "2023.11.13"]
[EventType "swiss"]
[EventRounds "11"]
[EventCountry "ITA"]
[SourceTitle "CB48_2023"]
[SourceDate "2023.11.29"]
[SourceVersion "1"]
[SourceVersionDate "2023.11.29"]
[SourceQuality "1"]

1. e4 c5 2. Nf3 e6 3. d4 cxd4 4. Nxd4 Nc6 5. Nc3 Nf6 6. Ndb5 Bc5 7. Nd6+ Ke7 8. Bf4 e5 9. Nf5+ Kf8 10. Bg5 d6 11. Bc4 Be6 12. Bb3 h6 13. Bxf6 Qxf6 14. Ne3 g6 15. 0-0 Kg7 16. Ned5 Qg5 17. Kh1 Rad8 18. Qd3 h5 19. Na4 h4 20. h3 Nd4 21. c3 Nxb3 22. axb3 a6 23. b4 Ba7 24. b5 axb5 25. Qxb5 Qd2 26. Nab6 Bxb6 27. Nxb6 g5 28. f3 Rh6 29. Rad1 Qf4 30. Nd5 Qg3 31. Rd2 Rd7 32. Rfd1 Rg6 33. Qe2 f5 34. Rd3 Bxd5 35. Rxd5 g4 36. exf5 gxf3 37. Qxf3 Rf6 38. Qh5 Qf4 39. Qg4+ Kh6 40. Qxf4+ exf4 41. Re1 Kg5 42. Re8 Rdf7 43. Rg8+ Kh5 44. Rd8 Rxf5 45. R8xd6 Kg5 46. Kg1 Rf8 47. Kf2 Ra8 48. Rxf5+ Kxf5 49. Kf3 Ra1 50. Rd5+ Ke6 51. Rb5 Ra7 52. Kxf4 Kd6 53. Kg4 Kc6 54. Rb4 b6 55. Kxh4 Rh7+ 56. Kg3 1-0

[Event "Titled Tuesday intern op 19th Sep Early"]
[Site "Chess.com INT"]
[Date "2023.09.19"]
[Round "9"]
[White "Diaz Perez, Michel Alejandro"]
[Black "Nguyen, Hong Nhung"]
[Result "1-0"]
[WhiteElo "2473"]
[BlackElo "1888"]
[PlyCount "79"]
[EventDate "2023.09.19"]
[EventType "swiss (blitz)"]
[EventRounds "11"]
[EventCountry "USA"]
[SourceTitle "EXT 2024"]
[Source "ChessBase"]
[SourceDate "2023.10.10"]
[SourceVersion "1"]
[SourceVersionDate "2023.10.10"]
[SourceQuality "1"]

1. Nf3 f5 2. c4 Nf6 3. Nc3 d6 4. d4 g6 5. Bg5 Bg7 6. e3 0-0 7. Bd3 Nc6 8. d5 Nb4 9. Be2 Na6 10. Nd4 Qe8 11. Bf3 Bd7 12. 0-0 c6 13. Rc1 Rc8 14. a3 Nc5 15. Bxf6 Bxf6 16. b4 Na6 17. dxc6 bxc6 18. b5 cxb5 19. cxb5 Nc5 20. Nc6 a6 21. a4 axb5 22. axb5 Bxc6 23. Bxc6 Qf7 24. Nd5 Kh8 25. Nb6 Rb8 26. Nd7 Nxd7 27. Bxd7 Rfd8 28. Bc6 d5 29. Qb3 Kg7 30. Rfd1 d4 31. Qa3 dxe3 32. Qxe3 e5 33. g3 e4 34. Kg2 Qe7 35. h4 Qb4 36. Rxd8 Bxd8 37. Rd1 Bb6 38. Rd7+ Kh8 39. Qh6 Qb2 40. Qxh7# 1-0

[Event "Titled Tuesday intern op 19th Sep Early"]
[Site "Chess.com INT"]
[Date "2023.09.19"]
[Round "5"]
[White "Goswami, Vedant"]
[Black "Nguyen, Hong Nhung"]
[Result "0-1"]
[WhiteElo "2034"]
[BlackElo "1888"]
[PlyCount "51"]
[EventDate "2023.09.19"]
[EventType "swiss (blitz)"]
[EventRounds "11"]
[EventCountry "USA"]
[SourceTitle "EXT 2024"]
[Source "ChessBase"]
[SourceDate "2023.10.10"]
[SourceVersion "1"]
[SourceVersionDate "2023.10.10"]
[SourceQuality "1"]

1. d4 f5 2. Bg5 g6 3. h4 Bg7 4. h5 h6 5. Bc1 g5 6. c4 d6 7. Nc3 Nf6 8. Qc2 e5 9. dxe5 dxe5 10. e4 Nc6 11. Nge2 Nd4 12. Nxd4 exd4 13. e5 Qe7 14. Qe2 dxc3 15. exf6 Qxe2+ 16. Bxe2 Bxf6 17. Rb1 f4 18. Bd3 0-0 19. bxc3 Bxc3+ 20. Kd1 Rd8 21. Kc2 Bf6 22. Re1 Rxd3 23. Re8+ Kf7 24. Rxc8 Rc3+ 25. Kd2 Rxc8 26. Bb2 0-1

[Event "Titled Tuesday intern op 19th Sep Early"]
[Site "Chess.com INT"]
[Date "2023.09.19"]
[Round "1"]
[White "Nguyen, Hong Nhung"]
[Black "Sailer, Mike L"]
[Result "1-0"]
[WhiteElo "1888"]
[BlackElo "2095"]
[PlyCount "43"]
[EventDate "2023.09.19"]
[EventType "swiss (blitz)"]
[EventRounds "11"]
[EventCountry "USA"]
[SourceTitle "EXT 2024"]
[Source "ChessBase"]
[SourceDate "2023.10.10"]
[SourceVersion "1"]
[SourceVersionDate "2023.10.10"]
[SourceQuality "1"]

1. e4 d5 2. exd5 Qxd5 3. Nc3 Qd6 4. d4 c6 5. Nf3 Bg4 6. Be3 Nf6 7. h3 Bh5 8. g4 Bg6 9. Bg2 e6 10. Qe2 Nbd7 11. 0-0-0 0-0-0 12. Kb1 Qc7 13. Ne5 Nxe5 14. dxe5 Nd5 15. Nxd5 exd5 16. Bxa7 c5 17. Qb5 d4 18. f4 f6 19. Bb6 Qd7 20. Qa5 Bxc2+ 21. Kxc2 d3+ 22. Kb1 1-0

[Event "Titled Tuesday intern op 12th Sep Early"]
[Site "Chess.com INT"]
[Date "2023.09.12"]
[Round "3"]
[White "Nguyen, Hong Nhung"]
[Black "Cardozo Munar, Carlos Eduardo"]
[Result "0-1"]
[WhiteElo "1888"]
[BlackElo "2043"]
[PlyCount "76"]
[EventDate "2023.09.12"]
[EventType "swiss (blitz)"]
[EventRounds "11"]
[EventCountry "USA"]
[SourceTitle "EXT 2024"]
[Source "ChessBase"]
[SourceDate "2023.10.10"]
[SourceVersion "1"]
[SourceVersionDate "2023.10.10"]
[SourceQuality "1"]

1. e4 e6 2. d4 d5 3. Nc3 Nf6 4. Bg5 Be7 5. e5 Nfd7 6. h4 Bxg5 7. hxg5 Qxg5 8. Nh3 Qh4 9. g3 Qe7 10. Qg4 g6 11. Ng5 h5 12. Qf4 a6 13. 0-0-0 Nc6 14. g4 f6 15. exf6 Qxf6 16. Qd2 Nxd4 17. f4 c5 18. gxh5 Rxh5 19. Rxh5 gxh5 20. Qh2 Kd8 21. Kb1 b5 22. Qxh5 Kc7 23. Bh3 Nb6 24. Qh7+ Bd7 25. Rxd4 cxd4 26. Ne2 Rh8 27. Qd3 Nc4 28. a3 e5 29. Bxd7 Kxd7 30. Qf3 e4 31. Qg4+ Kc6 32. Ne6 d3 33. N2d4+ Kd6 34. cxd3 exd3 35. f5 Qe5 36. Ka2 Rh2 37. f6 Rxb2+ 38. Ka1 Qe1+ 0-1

[Event "Titled Tuesday intern op 05th Sep Early"]
[Site "Chess.com INT"]
[Date "2023.09.05"]
[Round "3"]
[White "Nguyen, Hong Nhung"]
[Black "Harshavardhan, GB."]
[Result "1/2-1/2"]
[WhiteElo "1888"]
[BlackElo "2397"]
[PlyCount "140"]
[EventDate "2023.09.05"]
[EventType "swiss (blitz)"]
[EventRounds "11"]
[EventCountry "USA"]
[SourceTitle "EXT 2024"]
[Source "ChessBase"]
[SourceDate "2023.10.10"]
[SourceVersion "1"]
[SourceVersionDate "2023.10.10"]
[SourceQuality "1"]

1. e4 e5 2. Nf3 Nc6 3. d4 exd4 4. Nxd4 Nf6 5. Nc3 Bb4 6. Nxc6 bxc6 7. Bd3 0-0 8. 0-0 Re8 9. Bg5 h6 10. Bh4 Bxc3 11. bxc3 g5 12. Bg3 Nxe4 13. Qh5 Qf6 14. Rae1 d5 15. f3 Nd6 16. Bxd6 Rxe1 17. Rxe1 cxd6 18. Re8+ Kg7 19. h4 Bb7 20. hxg5 Qxg5 21. Qxg5+ hxg5 22. Re7 Rb8 23. Rd7 Kf6 24. Rxd6+ Ke5 25. Rd7 Ke6 26. Rc7 f6 27. c4 Kd6 28. Rf7 Ke6 29. Rc7 d4 30. Be4 f5 31. Bxc6 Bxc6 32. Rxc6+ Ke5 33. Rc5+ Ke6 34. Rb5 Rc8 35. Rb4 a5 36. Ra4 Ra8 37. Kf2 Kd6 38. Ke2 Kc5 39. Kd3 f4 40. Ra3 a4 41. c3 dxc3 42. Rxc3 Rd8+ 43. Ke4 Rd2 44. a3 Rxg2 45. Kf5 Rg3 46. Ke4 Rg1 47. Kf5 Rg2 48. Rc1 Rg3 49. Rc3 Rg1 50. Rc2 Re1 51. Kxg5 Re3 52. Kxf4 Rxa3 53. Ke4 Rb3 54. f4 a3 55. f5 Rb2 56. Rc1 a2 57. Ra1 Rf2 58. Ke5 Re2+ 59. Kf6 Kxc4 60. Kg7 Kd5 61. f6 Ke6 62. f7 Rg2+ 63. Kf8 Kd7 64. Rd1+ Kc7 65. Rc1+ Kd6 66. Ke8 Re2+ 67. Kd8 Rf2 68. Ke8 Re2+ 69. Kd8 Rf2 70. Ke8 Re2+ 1/2-1/2

[Event "Titled Tuesday intern op 05th Sep Early"]
[Site "Chess.com INT"]
[Date "2023.09.05"]
[Round "11"]
[White "Nguyen, Hong Nhung"]
[Black "Todorovic, Bojan"]
[Result "1-0"]
[WhiteElo "1888"]
[BlackElo "2150"]
[PlyCount "71"]
[EventDate "2023.09.05"]
[EventType "swiss (blitz)"]
[EventRounds "11"]
[EventCountry "USA"]
[SourceTitle "EXT 2024"]
[Source "ChessBase"]
[SourceDate "2023.10.10"]
[SourceVersion "1"]
[SourceVersionDate "2023.10.10"]
[SourceQuality "1"]

1. e4 g6 2. d4 Bg7 3. Nc3 d6 4. f4 a6 5. Nf3 Nd7 6. Bd3 b5 7. e5 Bb7 8. Be4 Qc8 9. 0-0 e6 10. Bxb7 Qxb7 11. Qe2 Ne7 12. exd6 cxd6 13. Ne4 Qd5 14. c3 0-0 15. Bd2 Rfc8 16. Rfe1 Nb6 17. b3 Nf5 18. Qf2 a5 19. g4 Ne7 20. Qh4 Qb7 21. Kf2 a4 22. Nf6+ Bxf6 23. Qxf6 Ned5 24. Qh4 axb3 25. axb3 Rxa1 26. Rxa1 Nxc3 27. Bxc3 Rxc3 28. Ng5 Rc2+ 29. Ke3 Nd5+ 30. Kd3 Nb4+ 31. Ke3 Rc3+ 32. Kf2 h5 33. gxh5 Nd3+ 34. Kg1 Nxf4 35. Qg4 Nxh5 36. Ne4 1-0

[Event "Titled Tuesday intern op 05th Sep Early"]
[Site "Chess.com INT"]
[Date "2023.09.05"]
[Round "7"]
[White "Novikova, Galina"]
[Black "Nguyen, Hong Nhung"]
[Result "1-0"]
[WhiteElo "2073"]
[BlackElo "1888"]
[PlyCount "65"]
[EventDate "2023.09.05"]
[EventType "swiss (blitz)"]
[EventRounds "11"]
[EventCountry "USA"]
[SourceTitle "EXT 2024"]
[Source "ChessBase"]
[SourceDate "2023.10.10"]
[SourceVersion "1"]
[SourceVersionDate "2023.10.10"]
[SourceQuality "1"]

1. e4 c5 2. Nf3 e6 3. b4 cxb4 4. a3 d5 5. e5 d4 6. axb4 Bxb4 7. Bd3 Ne7 8. c3 dxc3 9. dxc3 Bc5 10. 0-0 Ng6 11. Qe2 0-0 12. h4 Nxh4 13. Bxh7+ Kxh7 14. Ng5+ Kg6 15. Qg4 f5 16. Qxh4 Rh8 17. Qg3 Qb6 18. Nxe6+ Kf7 19. Qxg7+ Kxe6 20. Qxh8 Nd7 21. Ba3 Nxe5 22. Bxc5 Qxc5 23. Na3 b6 24. Qh6+ Kf7 25. Qh5+ Kf6 26. Rfd1 Bb7 27. Qh6+ Kf7 28. Rd6 Nf3+ 29. Kh1 Qxd6 30. Qh7+ Kf6 31. Nb5 Qf4 32. g3 Ng5+ 33. Kg1 1-0

[Event "Titled Tuesday intern op 05th Sep Early"]
[Site "Chess.com INT"]
[Date "2023.09.05"]
[Round "2"]
[White "Tristan, Leonardo"]
[Black "Nguyen, Hong Nhung"]
[Result "0-1"]
[WhiteElo "2523"]
[BlackElo "1888"]
[PlyCount "54"]
[EventDate "2023.09.05"]
[EventType "swiss (blitz)"]
[EventRounds "11"]
[EventCountry "USA"]
[SourceTitle "EXT 2024"]
[Source "ChessBase"]
[SourceDate "2023.10.10"]
[SourceVersion "1"]
[SourceVersionDate "2023.10.10"]
[SourceQuality "1"]

1. d4 f5 2. Nf3 Nf6 3. g3 g6 4. Bg2 Bg7 5. 0-0 0-0 6. Nbd2 d6 7. Re1 Nc6 8. e4 fxe4 9. Nxe4 Nxe4 10. Rxe4 Bf5 11. Re2 Bg4 12. Re4 Bxf3 13. Bxf3 d5 14. Rh4 Nxd4 15. Bg2 Nf5 16. Qxd5+ e6 17. Qxe6+ Kh8 18. Re4 Qd1+ 19. Re1 Qxc2 20. Be4 Qxf2+ 21. Kxf2 Nd4+ 22. Kg2 Nxe6 23. Bxb7 Rae8 24. Bc6 Re7 25. Bg5 Bf6 26. Bxf6+ Rxf6 27. Re2 Nf4+ 0-1

[Event "Titled Tuesday intern op 15th Aug Early"]
[Site "Chess.com INT"]
[Date "2023.08.15"]
[Round "10"]
[White "Nguyen, Hong Nhung"]
[Black "Eynullayev, Atilla Elshan"]
[Result "0-1"]
[WhiteElo "1888"]
[BlackElo "2265"]
[PlyCount "44"]
[EventDate "2023.08.15"]
[EventType "swiss (blitz)"]
[EventRounds "11"]
[EventCountry "USA"]
[SourceTitle "EXT 2024"]
[Source "ChessBase"]
[SourceDate "2023.10.10"]
[SourceVersion "1"]
[SourceVersionDate "2023.10.10"]
[SourceQuality "1"]

1. e4 c5 2. Nc3 e6 3. f4 d5 4. Nf3 dxe4 5. Nxe4 Be7 6. g3 Nf6 7. d3 Nc6 8. Bg2 Nd5 9. 0-0 0-0 10. Kh1 b6 11. Re1 Bb7 12. c3 Qc7 13. d4 cxd4 14. Nxd4 Rad8 15. Nxc6 Bxc6 16. Qe2 Qb7 17. Bd2 Rd7 18. Rad1 Rfd8 19. Bc1 Qa8 20. Nd2 Ne3 21. Qxe3 Bxg2+ 22. Kg1 Bc5 0-1